Statistics for mirrorball lyrics

Click here to take the quiz!

General Stats

  • This quiz has been taken 119 times
  • The average score is 229 of 253

Answer Stats

Lyrics% Correct
I
100%
a
98%
every
98%
I'm
98%
mirrorball
98%
on
98%
show
98%
I'll
97%
know,
97%
know
97%
of
97%
to
97%
want
97%
When
97%
when
97%
You
97%
you
97%
in
95%
is
95%
my
95%
still
95%
The
95%
the
95%
tonight
95%
yourself
95%
And
93%
and
93%
for
93%
me
93%
version
93%
no
92%
one
92%
they
92%
try
92%
try,
92%
all
90%
but
90%
But
90%
do
90%
don't
90%
heels,
90%
highest
90%
just
90%
Shining
90%
tallest
90%
that
90%
tiptoes
90%
around,
88%
dear
88%
everything
88%
Hush,
88%
like
88%
love
88%
trying
88%
at
86%
end
86%
get
86%
near
86%
why
86%
been
85%
believer,
85%
can
85%
looking
85%
natural,
85%
not
85%
said
85%
Spinning
85%
You'll
85%
circus,
83%
find
83%
I've
83%
laughing
83%
never
83%
off
83%
rodeo
83%
are
81%
break,
81%
disco
81%
floor,
81%
horses
81%
keep
81%
regulars
81%
trapeze
81%
beautiful
80%
called
80%
change
80%
clowns
80%
home
80%
pieces
80%
about
78%
down
78%
million
78%
tightrope,
78%
Because
76%
fit
76%
it's
76%
out
76%
sent
75%
as
73%
watch
73%
glisten
71%
masquerade
71%
shimmering
71%
Drunk
66%
revelers
64%
shattered
63%
burned
61%
edges
61%

Score Distribution

Percentile by Number Answered

Percent of People with Each Score

Your Score History

You have not taken this quiz